| 000 | 00650nam a22002057a 4500 | ||
|---|---|---|---|
| 999 |
_c14369 _d14369 |
||
| 003 | AR-CdUCM | ||
| 008 | 190423b ||||| |||| 00| 0 spa d | ||
| 020 | _a978-958-30-4154-9 | ||
| 040 |
_aMUNICIPALIDAD PROVINCIAL DEL CUSCO _cBIBLIOTECA MUNICIPAL DEL CUSCO |
||
| 082 |
_aPI / 376.1 / _bP23 |
||
| 110 |
_aPanamericana Formas e Impresos _933113 |
||
| 245 | _aGirar y aprende los números / | ||
| 260 |
_aBogota : _bPanamericana, _c2013. |
||
| 300 |
_bIlustraciones, _c13 cm. |
||
| 505 | _aContenido: Gira y aprende los números. | ||
| 650 |
_aInfancia _95236 |
||
| 650 |
_aLos números _933114 |
||
| 942 |
_2ddc _cLIBROS |
||
| 945 |
_acmm _d2019-04-23 |
||